000 00632nam a22002177a 4500
999 _c20153
_d20153
003 AR-CdUCM
008 190527b ||||| |||| 00| 0 spsa d
020 _a9972627233
040 _aMUNICIPALIDAD PROVINCIAL DEL CUSCO
_cBIBLIOTECA MUNICIPAL DEL CUSCO
082 _a823.9 /
_bG25
100 _aGarnett, Miguel
_942141
245 _aTiempos van... tiempos vienen... /
260 _aLima :
_bLluvias editores,
_c1998.
300 _a347 páginas ;
_c24 cm
505 _aContenido : Novela.
650 _aLiteratura
_983
650 _aNovela histórica
_92493
650 _aPeruana
_925277
942 _2ddc
_cLIBROS
945 _arcc